[Event "ICS rated blitz match"]
[Site "204.178.125.65"]
[Date "1999.08.15"]
[Round "?"]
[White "ComputoJon"]
[Black "Hossa"]
[Result "1/2-1/2"]
[WhiteElo "2274"]
[BlackElo "2432"]
[PlyCount "102"]
[EventDate "1999.??.??"]

1. e4 c5 2. c3 d5 3. exd5 Qxd5 4. d4 Nf6 5. Nf3 Bg4 6. Be2 e6 7. O-O Be7 8. h3
Bf5 9. Be3 cxd4 10. Nxd4 O-O 11. Bf3 Be4 12. Bxe4 Nxe4 13. Qb3 Qxb3 14. axb3
Nc5 15. b4 Nd3 16. Ra2 Rd8 17. Rd1 Nxb4 18. cxb4 e5 19. b5 Bc5 20. Nd2 exd4 21.
Nb3 Bb6 22. Bxd4 h5 23. Raa1 Bxd4 24. Rxd4 Rxd4 25. Nxd4 Nd7 26. Rc1 Ne5 27.
Rc7 Rd8 28. Nf5 Rd1+ 29. Kh2 Rd7 30. Rxd7 Nxd7 31. Nd6 a6 32. bxa6 bxa6 33. Kg3
g6 34. Kf4 f5 35. g4 fxg4 36. hxg4 hxg4 37. Kxg4 Ne5+ 38. Kg5 Kg7 39. f4 Nf3+
40. Kg4 Nd4 41. f5 Nc6 42. fxg6 Kxg6 43. Kf4 Nb4 44. Ke4 Kf6 45. Kd4 Ke6 46.
Ne4 Nc6+ 47. Kc5 Ne5 48. Kb6 Kf5 49. Kxa6 Kxe4 50. Kb6 Nc4+ 51. Kc5 51... Nxb2
{Game drawn because neither player has mating material} 1/2-1/2

[Event "ICS rated blitz match"]
[Site "204.178.125.65"]
[Date "1999.08.15"]
[Round "?"]
[White "Hossa"]
[Black "NEONbot"]
[Result "1-0"]
[WhiteElo "2423"]
[BlackElo "2362"]
[PlyCount "104"]
[EventDate "1999.??.??"]

1. d4 Nf6 2. c4 e6 3. Nc3 Bb4 4. Bg5 h6 5. Bh4 c6 6. e3 Qa5 7. Nge2 g5 8. Bg3
Ne4 9. a3 Bxc3+ 10. Nxc3 Nxc3 11. Qd2 d5 12. bxc3 Nd7 13. Bd3 dxc4 14. Bxc4 Nb6
15. Bd3 Ke7 16. O-O f6 17. Rfd1 h5 18. Bc7 Bd7 19. Bg6 Rag8 20. Bc2 Rc8 21.
Bxb6 axb6 22. e4 Rcg8 23. Rab1 Kf7 24. c4 Qa6 25. Qb4 Rd8 26. Rd2 Bc8 27. Qxb6
Qxc4 28. Qc7+ Rd7 29. Qa5 Qa6 30. Qc5 b5 31. Bd3 Bb7 32. Rc1 Qa5 33. Rdd1 Ra8
34. Be2 Kg6 35. f4 Qxa3 36. f5+ Kh6 37. fxe6 Qe3+ 38. Kh1 Rg7 39. Re1 Qf4 40.
Rf1 Qxe4 41. Rxf6+ Kh7 42. Bxh5 b4 43. Rd1 b3 44. Bf3 Qe3 45. Bg4 Kg8 46. Bh5
g4 47. Bf7+ Kh8 48. Qh5+ Rh7 49. Qxg4 Rg7 50. Bg6 Qh6 51. Qf5 Re7 52. Qe5 52...
Qg7 {NEONbot resigns} 1-0

[Event "ICS rated blitz match"]
[Site "204.178.125.65"]
[Date "1999.08.15"]
[Round "?"]
[White "NEONbot"]
[Black "Hossa"]
[Result "1-0"]
[WhiteElo "2349"]
[BlackElo "2436"]
[PlyCount "52"]
[EventDate "1999.??.??"]

1. e4 c5 2. Nf3 e6 3. d4 cxd4 4. Nxd4 e5 5. Nf3 Nc6 6. Bc4 f5 7. Qd5 Qe7 8. Bg5
Nf6 9. Bxf6 Qxf6 10. Nc3 Bb4 11. exf5 Qxf5 12. O-O Bxc3 13. bxc3 Qxc2 14. Nxe5
Qxc3 15. Nxc6 bxc6 16. Qg5 d5 17. Rfe1+ Be6 18. Rxe6+ Kf7 19. Bxd5 Qxa1+ 20.
Re1+ cxd5 21. Qxd5+ Kg6 22. Rxa1 Rhd8 23. Qe6+ Kh5 24. Rc1 g6 25. Rc5+ Kh6 26.
Qe3+ 26... Kg7 {Hossa resigns} 1-0

[Event "ICS rated blitz match"]
[Site "204.178.125.65"]
[Date "1999.08.15"]
[Round "?"]
[White "Hossa"]
[Black "NEONbot"]
[Result "0-1"]
[WhiteElo "2416"]
[BlackElo "2369"]
[PlyCount "107"]
[EventDate "1999.??.??"]

1. d4 Nf6 2. c4 c5 3. d5 e6 4. Nc3 exd5 5. cxd5 d6 6. Nf3 g6 7. Nd2 Bg7 8. e4
O-O 9. Be2 Re8 10. O-O a6 11. f3 b5 12. a3 Nbd7 13. Nb3 Nh5 14. Be3 Be5 15. Bf2
Nf4 16. Rb1 Qf6 17. Be1 c4 18. Nc1 Nc5 19. Bg3 Qg5 20. Kh1 h5 21. Qd2 h4 22.
Bxf4 Bxf4 23. Qe1 Be3 24. b4 Nb7 25. N1a2 Bd7 26. f4 Qh6 27. Bxc4 Bxf4 28. Bb3
h3 29. g3 Be3 30. Rf3 Bd4 31. Qc1 Qg7 32. Qf1 Rac8 33. Rc1 Bg4 34. Rf4 f5 35.
Qd3 Bf6 36. Rc2 Qe7 37. a4 g5 38. Rxg4 fxg4 39. axb5 axb5 40. Nxb5 Rxc2 41.
Bxc2 Ra8 42. Nbc3 Ra3 43. Qc4 Bxc3 44. Nxc3 Qf6 45. Qc8+ Nd8 46. Kg1 Rxc3 47.
e5 Rxc8 48. exf6 Rxc2 49. b5 Kf7 50. Kf1 Rxh2 51. Kg1 Rg2+ 52. Kh1 Nb7 53. b6
Nc5 54. b7 {Hossa resigns} 0-1

[Event "ICS rated blitz match"]
[Site "204.178.125.65"]
[Date "1999.08.15"]
[Round "?"]
[White "NEONbot"]
[Black "Hossa"]
[Result "1-0"]
[WhiteElo "2387"]
[BlackElo "2398"]
[PlyCount "169"]
[EventDate "1999.??.??"]

1. d4 Nf6 2. c4 e6 3. Nf3 d5 4. Nc3 Bb4 5. cxd5 exd5 6. Bg5 Qd6 7. e3 Ne4 8.
Qb3 Nxg5 9. Nxg5 f6 10. Nf3 O-O 11. Bd3 c5 12. dxc5 Qxc5 13. O-O Be6 14. Nd4
Bf7 15. Na4 Qd6 16. a3 Ba5 17. Qxb7 Nd7 18. Nf5 Qe6 19. b4 Rfb8 20. Qa6 Bd8 21.
Qxe6 Bxe6 22. Nd4 Bf7 23. Nc3 Rc8 24. Rfc1 g6 25. Ba6 Rcb8 26. Nce2 Ne5 27. Nf4
f5 28. Rc3 Rb6 29. Bb5 Bg5 30. Rc7 Rab8 31. Be2 R6b7 32. Rxb7 Rxb7 33. Nfe6 Bf6
34. Rc1 h5 35. Rc5 h4 36. Rxd5 Rb6 37. Rb5 Rxe6 38. Nxe6 Bxe6 39. Ra5 Kf7 40.
Rxa7+ Be7 41. b5 Kf6 42. a4 Bc5 43. Rh7 g5 44. Rh6+ Kf7 45. a5 Bb3 46. b6 Kg7
47. b7 Nd7 48. Rc6 Ba7 49. a6 Nb8 50. Rc7+ Kg6 51. Bc4 Bxc4 52. Rxc4 g4 53. Ra4
Kf6 54. Kf1 Nd7 55. Ra5 Ne5 56. Rb5 Bb8 57. Ke2 Ke6 58. h3 Nc6 59. hxg4 fxg4
60. Rh5 h3 61. gxh3 g3 62. f4 Kf7 63. Kf3 Nb4 64. Ra5 Nc6 65. Ra4 g2 66. Kxg2
Ke6 67. Kf3 Kd5 68. h4 Kc5 69. h5 Kb5 70. Ra2 Kb6 71. h6 Nd8 72. h7 Nf7 73. Ke4
Nd6+ 74. Ke5 Nf7+ 75. Kf6 Nh8 76. Kg7 Bc7 77. a7 Kxb7 78. a8=Q+ Kb6 79. Qa6+
Kc5 80. Rc2+ Kb4 81. Qc4+ Ka5 82. Ra2+ Kb6 83. Rb2+ Ka7 84. Qa4+ Ba5 85. Qxa5#
{Hossa checkmated} 1-0

[Event "ICS rated blitz match"]
[Site "204.178.125.65"]
[Date "1999.08.15"]
[Round "?"]
[White "Hossa"]
[Black "Rearwindow"]
[Result "1/2-1/2"]
[WhiteElo "2381"]
[BlackElo "2177"]
[PlyCount "53"]
[EventDate "1999.??.??"]

1. d4 e6 2. e4 d5 3. e5 c5 4. c3 Nc6 5. Nf3 Qb6 6. Be2 cxd4 7. cxd4 Nh6 8. Bxh6
Qxb2 9. Nbd2 gxh6 10. Qb1 Qxb1+ 11. Rxb1 b6 12. Bb5 Bd7 13. O-O Bg7 14. Ba6 Rb8
15. Rfe1 Ke7 16. Rec1 f6 17. Bb5 Rhc8 18. Bxc6 Rxc6 19. Rxc6 Bxc6 20. exf6+
Bxf6 21. Nf1 Rc8 22. Ne3 Ba4 23. Re1 Kd6 24. Ng4 Bg7 25. Ne3 Bf6 26. Ng4 Bg7
27. Ne3 {Game drawn by mutual agreement} 1/2-1/2

[Event "ICS rated blitz match"]
[Site "204.178.125.65"]
[Date "1999.08.15"]
[Round "?"]
[White "PostModernist"]
[Black "Hossa"]
[Result "1/2-1/2"]
[WhiteElo "2499"]
[BlackElo "2382"]
[PlyCount "175"]
[EventDate "1999.??.??"]

1. d4 e6 2. c4 d5 3. Nc3 Nf6 4. Bg5 Bb4 5. Nf3 c5 6. e4 dxe4 7. Nd2 Qxd4 8. Qc2
Nbd7 9. Bf4 Ng4 10. Nb3 Bxc3+ 11. bxc3 Qf6 12. Qxe4 Qxc3+ 13. Bd2 Qe5 14. Qxe5
Ngxe5 15. Bc3 O-O 16. Nxc5 Nf3+ 17. Ke2 Nxc5 18. Kxf3 Rd8 19. Be2 b6 20. Rhd1
Bb7+ 21. Ke3 Na4 22. Bd4 f6 23. Rab1 e5 24. Ba1 Bxg2 25. Rbc1 Nc5 26. f3 Rxd1
27. Rxd1 e4 28. f4 Bh3 29. Bd4 f5 30. Bxc5 bxc5 31. Rg1 Rd8 32. Rg3 Bg4 33.
Bxg4 fxg4 34. Rxg4 Rd3+ 35. Kxe4 Rd4+ 36. Ke5 Rxc4 37. Rg2 Ra4 38. Rc2 c4 39.
Kd4 Kf7 40. Rxc4 Rxa2 41. Rc7+ Kg6 42. Rc6+ Kh5 43. Rc7 Kh6 44. f5 Rxh2 45.
Rxa7 Rh1 46. Ke5 Re1+ 47. Kf4 Rb1 48. Ke5 Rb4 49. Rd7 Rc4 50. Rd2 Kg5 51. Rd7
Rc5+ 52. Kd4 Rxf5 53. Rxg7+ Kh6 54. Rg4 Kh5 55. Rg7 h6 56. Ke4 Rf2 57. Rg1 Rf6
58. Ke5 Rf3 59. Ke4 Rf2 60. Ke5 Rf8 61. Ke4 Kh4 62. Ke5 h5 63. Ke4 Kh3 64. Rh1+
Kg4 65. Rg1+ Kh4 66. Ke3 Rf5 67. Ke4 Rf6 68. Rg7 Kh3 69. Ke3 h4 70. Rg8 Kh2 71.
Ke2 h3 72. Rg7 Kh1 73. Rg3 h2 74. Rg5 Rf4 75. Ke1 Rf3 76. Rg8 Rf7 77. Rg5 Rb7
78. Kf2 Rb2+ 79. Kf3 Rb1 80. Kf2 Ra1 81. Rb5 Rg1 82. Rd5 Rg2+ 83. Kf3 Rg7 84.
Rd1+ Rg1 85. Rd2 Rg7 86. Rd1+ Rg1 87. Rd2 Rg7 88. Rd1+ {
Game drawn by repetition} 1/2-1/2

[Event "ICS rated blitz match"]
[Site "204.178.125.65"]
[Date "1999.08.15"]
[Round "?"]
[White "Hossa"]
[Black "SuperChicken"]
[Result "0-1"]
[WhiteElo "2387"]
[BlackElo "2697"]
[PlyCount "78"]
[EventDate "1999.??.??"]

1. d4 d5 2. Bf4 Bf5 3. e3 e6 4. Bd3 Bd6 5. Bxd6 Qxd6 6. Bxf5 exf5 7. c3 Nd7 8.
Ne2 O-O-O 9. O-O Ne7 10. Nd2 Kb8 11. Qb3 Rhe8 12. Nf3 f6 13. c4 dxc4 14. Qxc4
Nd5 15. Qd3 Qe6 16. Rac1 g5 17. Nc3 N7b6 18. a4 c6 19. b3 Nxc3 20. Rxc3 Nd5 21.
Rc4 f4 22. Qxh7 fxe3 23. Qc2 Rh8 24. Qe2 g4 25. Re1 gxf3 26. Qxf3 Qd6 27. h3
exf2+ 28. Qxf2 Rdg8 29. Kf1 Qh2 30. Qg1 Qg3 31. Qf2 Qd3+ 32. Kg1 Qxh3 33. Kf1
Qxb3 34. g3 Rxg3 35. Qe2 Rh1+ 36. Kf2 Rh2+ 37. Kf1 Rg1+ 38. Kxg1 Qg3+ 39. Qg2
39... Qxg2# {Hossa checkmated} 0-1

[Event "ICS rated blitz match"]
[Site "204.178.125.65"]
[Date "1999.08.15"]
[Round "?"]
[White "Panthee"]
[Black "Hossa"]
[Result "0-1"]
[WhiteElo "2194"]
[BlackElo "2382"]
[PlyCount "60"]
[EventDate "1999.??.??"]

1. e3 g6 2. c4 e5 3. Nc3 Ne7 4. d4 Bg7 5. Nf3 exd4 6. exd4 O-O 7. Bd3 d5 8.
cxd5 Bg4 9. Be3 Nxd5 10. Nxd5 Qxd5 11. Be2 Re8 12. O-O c5 13. dxc5 Qc6 14. h3
Bf5 15. Qd2 Nd7 16. Rac1 Qe6 17. Rfd1 Qxa2 18. Bb5 Red8 19. b4 Qxd2 20. Rxd2 a6
21. Bxd7 Rxd7 22. Rxd7 Bxd7 23. Bd4 f6 24. Rd1 Bb5 25. Nd2 Re8 26. Be3 f5 27.
Nf3 Bc3 28. Bd2 Rd8 29. g3 Bxb4 30. Bxb4 30... Rxd1+ {Panthee resigns} 0-1

[Event "ICS rated blitz match"]
[Site "204.178.125.65"]
[Date "1999.08.15"]
[Round "?"]
[White "Hossa"]
[Black "Panthee"]
[Result "1-0"]
[WhiteElo "2390"]
[BlackElo "2186"]
[PlyCount "69"]
[EventDate "1999.??.??"]

1. e4 b6 2. d4 Bb7 3. d5 c6 4. Nc3 e6 5. dxe6 dxe6 6. Qxd8+ Kxd8 7. f3 Bd6 8.
Bg5+ Kc7 9. O-O-O Ba6 10. Bxa6 Nxa6 11. Nge2 h6 12. Bh4 Ne7 13. Rxd6 Kxd6 14.
Rd1+ Nd5 15. Bg3+ Ke7 16. exd5 cxd5 17. Nd4 Rhc8 18. Re1 Kf8 19. Bd6+ Kg8 20.
Kd2 Nb8 21. Bxb8 Raxb8 22. f4 g6 23. g4 Kg7 24. Ncb5 a6 25. Nd6 Rd8 26. Nc6
Rxd6 27. Nxb8 b5 28. Re3 Rb6 29. Nd7 Rc6 30. Rc3 Rd6 31. Rc7 h5 32. Ne5 hxg4
33. Rxf7+ Kh6 34. Nxg4+ Kh5 35. Nf6+ {Panthee resigns} 1-0

[Event "ICS rated blitz match"]
[Site "204.178.125.65"]
[Date "1999.08.15"]
[Round "?"]
[White "Panthee"]
[Black "Hossa"]
[Result "0-1"]
[WhiteElo "2178"]
[BlackElo "2398"]
[PlyCount "40"]
[EventDate "1999.??.??"]

1. e4 e5 2. Nf3 Nf6 3. Nxe5 d6 4. Nf3 Nxe4 5. Qe2 Qe7 6. d3 Nc5 7. Bg5 f6 8.
Bf4 Bg4 9. Qxe7+ Bxe7 10. Nbd2 Bxf3 11. Nxf3 Ne6 12. Be3 O-O 13. Kd2 Re8 14.
Re1 d5 15. Nd4 Nxd4 16. Bxd4 Nc6 17. Be3 d4 18. Bf4 Bb4+ 19. c3 dxc3+ 20. bxc3
20... Bxc3+ {Panthee resigns} 0-1

[Event "ICS rated blitz match"]
[Site "204.178.125.65"]
[Date "1999.08.15"]
[Round "?"]
[White "Hossa"]
[Black "star51"]
[Result "1-0"]
[WhiteElo "2405"]
[BlackElo "2151"]
[PlyCount "47"]
[EventDate "1999.??.??"]

1. d4 d5 2. c4 e6 3. Nc3 c5 4. cxd5 cxd4 5. Qa4+ Bd7 6. Qxd4 exd5 7. Qxd5 Nc6
8. Qd1 Nf6 9. e3 Bc5 10. Nf3 Qe7 11. Be2 O-O-O 12. O-O g5 13. a3 g4 14. Nd4 h5
15. b4 Bxd4 16. exd4 Be6 17. Be3 h4 18. b5 Na5 19. Rc1 Kb8 20. b6 a6 21. Qa4
Nc6 22. Bf4+ Kc8 23. Bxa6 Nd5 24. Qxc6+ {star51 resigns} 1-0

[Event "ICS rated blitz match"]
[Site "204.178.125.65"]
[Date "1999.08.15"]
[Round "?"]
[White "Hossa"]
[Black "GreatPatzer"]
[Result "1-0"]
[WhiteElo "2417"]
[BlackElo "2282"]
[PlyCount "33"]
[EventDate "1999.??.??"]

1. d4 Nf6 2. c4 e6 3. Nc3 Bb4 4. Bg5 c5 5. d5 b5 6. e4 h6 7. Bh4 bxc4 8. dxe6
fxe6 9. e5 Qa5 10. Rc1 Nd5 11. Qh5+ Kf8 12. Bxc4 Nxc3 13. Qf3+ Kg8 14. bxc3 Ba3
15. Qxa8 Bxc1 16. Ne2 Qb6 17. Nxc1 {GreatPatzer resigns} 1-0

[Event "ICS rated blitz match"]
[Site "204.178.125.65"]
[Date "1999.08.15"]
[Round "?"]
[White "Talmoves"]
[Black "Hossa"]
[Result "1/2-1/2"]
[WhiteElo "2582"]
[BlackElo "2427"]
[PlyCount "170"]
[EventDate "1999.??.??"]

1. e4 e5 2. Nf3 a6 3. Bc4 Nc6 4. c3 f5 5. Qb3 Nh6 6. d3 Na5 7. Qa4 Nxc4 8. Qxc4
Nf7 9. b4 fxe4 10. dxe4 c6 11. O-O d5 12. exd5 cxd5 13. Qe2 Bg4 14. h3 Bxf3 15.
Qxf3 Qd7 16. Rd1 Rd8 17. Kh1 Be7 18. Kg1 O-O 19. Qh5 Qc6 20. Be3 Rd6 21. Kh1
Rf6 22. a4 Kh8 23. Ra2 Rg6 24. f3 Rg3 25. Qf5 Bh4 26. a5 Kg8 27. Re2 Rd8 28.
Bc5 Bf6 29. Qc2 Kh8 30. Nd2 Rg5 31. Nf1 Rh5 32. Ng3 Rh4 33. Nf5 Rf4 34. Ne3 e4
35. fxe4 dxe4 36. Rxd8+ Nxd8 37. Rd2 Bg5 38. Qd1 Qc8 39. Qa4 Ne6 40. Qd7 Qxd7
41. Rxd7 Nxc5 42. bxc5 Rf8 43. Nc2 Rf1+ 44. Kh2 Rc1 45. Nd4 Rxc3 46. Ne6 Bh4
47. Rxg7 Bf2 48. Rf7 Bxc5 49. Rxb7 Bd6+ 50. Kg1 e3 51. Kf1 Rc2 52. Rb3 Rf2+ 53.
Kg1 Re2 54. Kf1 Ra2 55. Rxe3 Rxa5 56. Rd3 Rf5+ 57. Kg1 Bc5+ 58. Nxc5 Rxc5 59.
Rd8+ Kg7 60. Rd7+ Kg8 61. Ra7 a5 62. Kf2 Rg5 63. Kf3 h6 64. g4 Rb5 65. Kf4 Kf8
66. Ra6 Kg7 67. h4 Rb4+ 68. Kf5 a4 69. Ra5 Rd4 70. Ra7+ Kf8 71. Ra6 Kg7 72.
Rg6+ Kh7 73. Rc6 Rd5+ 74. Kf6 Rd7 75. Ra6 Rd4 76. Ra7+ Kg8 77. Ra8+ Kh7 78. Kf5
Kg7 79. Rc8 Rd5+ 80. Ke4 Rb5 81. Rc7+ Kf8 82. Ra7 Rb4+ 83. Kf5 Rd4 84. Ra6 Kg7
85. Ra7+ 85... Kf8 {Game drawn by repetition} 1/2-1/2

[Event "ICS Rated blitz match"]
[Site "204.178.125.65"]
[Date "1999.08.15"]
[Round "?"]
[White "Hossa"]
[Black "Panthee"]
[Result "1/2-1/2"]
[WhiteElo "2434"]
[BlackElo "2171"]
[PlyCount "161"]
[EventDate "1999.??.??"]

1. e4 e5 2. Nf3 a6 3. Nxe5 Qe7 4. d4 d6 5. Nf3 Qxe4+ 6. Be3 Nf6 7. Bd3 Qg4 8.
O-O Be7 9. c4 O-O 10. Ng5 Qxd1 11. Rxd1 Nc6 12. Re1 Nb4 13. Bd2 Nxd3 14. Rxe7
Nxb2 15. Rxc7 Bf5 16. Bc3 Na4 17. Bb4 Rac8 18. Bxd6 Rxc7 19. Bxc7 Rc8 20. Be5
Rxc4 21. Nd2 Rc2 22. Bxf6 gxf6 23. Nge4 Bxe4 24. Nxe4 Kg7 25. d5 b5 26. d6 Nb6
27. a3 f5 28. Ng3 Kf6 29. Rd1 Ke6 30. Nh5 Ra2 31. Nf4+ Kd7 32. Nd3 Rxa3 33.
Ne5+ Ke6 34. d7 Nxd7 35. Nxd7 b4 36. Nf8+ Kf6 37. Nxh7+ Kg7 38. Ng5 b3 39. Nf3
b2 40. Rf1 Ra1 41. Nd2 a5 42. h3 a4 43. g4 fxg4 44. Nb1 gxh3 45. Kh2 a3 46.
Rg1+ Kf8 47. Nxa3 Rxa3 48. Rb1 Rb3 49. f3 Ke7 50. Kxh3 Rxf3+ 51. Kg4 Rf2 52.
Kg3 Rc2 53. Kf4 Kd6 54. Kf5 Kc5 55. Kf6 Kc4 56. Kxf7 Kc3 57. Rg1 Rc1 58. Rg3+
Kc2 59. Rg2+ Kb3 60. Rg3+ Rc3 61. Rg1 Rc1 62. Rg3+ Ka2 63. Rg2 Ka1 64. Ke6 b1=Q
65. Rg4 Qd3 66. Ra4+ Kb2 67. Rb4+ Kc3 68. Ra4 Re1+ 69. Kf6 Qd6+ 70. Kg5 Re5+
71. Kh4 Qe7+ 72. Kg3 Qg7+ 73. Kf2 Rf5+ 74. Ke3 Qe5+ 75. Re4 Qc5+ 76. Ke2 Re5
77. Kf3 Rxe4 78. Kxe4 Qd4+ 79. Kf5 Kd3 80. Kg5 Qe4 81. Kf6 {
Panthee ran out of time and Hossa has no material to mate} 1/2-1/2

[Event "ICS rated blitz match"]
[Site "204.178.125.65"]
[Date "1999.08.15"]
[Round "?"]
[White "Panthee"]
[Black "Hossa"]
[Result "0-1"]
[WhiteElo "2181"]
[BlackElo "2424"]
[PlyCount "136"]
[EventDate "1999.??.??"]

1. h3 e5 2. g3 d5 3. Bg2 Bf5 4. d3 Bg6 5. Nf3 Nc6 6. O-O Bc5 7. c3 f6 8. Nbd2
Nge7 9. Re1 O-O 10. e4 Qd7 11. Nb3 Bd6 12. Qc2 Rad8 13. Be3 dxe4 14. dxe4 f5
15. Nh4 fxe4 16. Nxg6 Nxg6 17. Qxe4 Nge7 18. Rad1 Qe6 19. Bg5 Rd7 20. Rd2 a6
21. Red1 Kh8 22. Bxe7 Rxe7 23. Qd5 Qf5 24. Qe4 Qe6 25. Rd3 Ref7 26. R3d2 Rd7
27. Rd3 Qf7 28. R3d2 Qh5 29. Qe2 Qf5 30. Qe4 Qf6 31. Re2 Rff7 32. Rde1 Kg8 33.
Qe3 Be7 34. Nd2 Qe6 35. b3 Rd8 36. Ne4 Qf5 37. Rf1 Qh5 38. Rfe1 Qg6 39. Kh2 Ba3
40. Rd2 Rxd2 41. Qxd2 Qf5 42. Qe2 Rd7 43. Rd1 Rxd1 44. Qxd1 Kh8 45. Qg4 Qxg4
46. hxg4 b5 47. f4 exf4 48. gxf4 Ne7 49. f5 Bc1 50. Kg3 c6 51. Nc5 Bb2 52. Nxa6
Bxc3 53. Nc5 b4 54. Ne6 h5 55. Bf3 hxg4 56. Kxg4 Nd5 57. Bxd5 cxd5 58. Kf4 Kg8
59. Nc7 d4 60. Ke4 Kf7 61. Nb5 Kf6 62. Nxd4 Bxd4 63. Kxd4 Kxf5 64. Kc4 Ke4 65.
Kxb4 g5 66. a4 g4 67. a5 Kd5 68. a6 68... Kc6 {Panthee resigns} 0-1

[Event "ICS rated blitz match"]
[Site "204.178.125.65"]
[Date "1999.08.15"]
[Round "?"]
[White "Hossa"]
[Black "Panthee"]
[Result "1-0"]
[WhiteElo "2430"]
[BlackElo "2175"]
[PlyCount "53"]
[EventDate "1999.??.??"]

1. d4 d6 2. e4 g6 3. f3 Bg7 4. Be3 c6 5. Ne2 Nd7 6. Nd2 Ngf6 7. g4 O-O 8. g5
Nh5 9. Ng3 Nxg3 10. hxg3 e5 11. c3 c5 12. dxe5 dxe5 13. Qe2 b6 14. Qh2 Re8 15.
Qxh7+ Kf8 16. O-O-O Qc7 17. Nc4 Ba6 18. Nd6 Bxf1 19. Nxe8 Rxe8 20. Rdxf1 b5 21.
Rf2 c4 22. Rd2 Nc5 23. Rd5 Nd3+ 24. Kb1 b4 25. cxb4 Nxb4 26. Bc5+ Re7 27. Bxb4
{Panthee resigns} 1-0

[Event "ICS rated blitz match"]
[Site "204.178.125.65"]
[Date "1999.08.15"]
[Round "?"]
[White "Hossa"]
[Black "Rearwindow"]
[Result "1-0"]
[WhiteElo "2436"]
[BlackElo "2172"]
[PlyCount "99"]
[EventDate "1999.??.??"]

1. d4 e6 2. e4 d5 3. exd5 exd5 4. Bd3 Nc6 5. c3 Bd6 6. Ne2 Qh4 7. Qd2 Nf6 8.
Qg5 Qxg5 9. Bxg5 O-O 10. Bxf6 gxf6 11. O-O Ne7 12. Nd2 Bg4 13. Rfe1 Rfe8 14.
Rad1 Bh5 15. f3 Bg6 16. Nf1 Kg7 17. a3 Rad8 18. Ne3 c6 19. Bb1 a5 20. g3 b6 21.
h3 Kg8 22. Ng4 Kg7 23. Bd3 h5 24. Ne3 Kg8 25. h4 Kg7 26. c4 Bc7 27. cxd5 Nxd5
28. Nxd5 cxd5 29. Kf2 Bd6 30. Bb5 Re7 31. Nc3 Rxe1 32. Rxe1 Bf8 33. Bc6 Bd3 34.
Bxd5 Bd6 35. Be4 Bxe4 36. fxe4 Bf8 37. Rd1 f5 38. e5 f6 39. e6 Be7 40. Kf3 Bd6
41. Nb5 Kf8 42. d5 Ke7 43. Nd4 f4 44. Nc6+ Ke8 45. Nxd8 Kxd8 46. gxf4 Ke7 47.
Rg1 Bc5 48. Rg7+ Ke8 49. Rh7 Bd4 50. d6 {Rearwindow resigns} 1-0

[Event "ICS rated blitz match"]
[Site "204.178.125.65"]
[Date "1999.08.15"]
[Round "?"]
[White "corruptor"]
[Black "Hossa"]
[Result "1-0"]
[WhiteElo "2662"]
[BlackElo "2439"]
[PlyCount "58"]
[EventDate "1999.??.??"]

1. e4 e5 2. Nf3 a6 3. Bc4 Nc6 4. O-O f5 5. d4 exd4 6. Ng5 Nh6 7. Nxh7 Ng4 8.
Nxf8 Rxf8 9. exf5 Qh4 10. Bf4 Nge5 11. Bg3 Qh6 12. Re1 Rxf5 13. Bd3 Rg5 14. f4
Rxg3 15. hxg3 d6 16. Be4 Ne7 17. fxe5 dxe5 18. Qf3 Rb8 19. Na3 Qg5 20. Bd3 Be6
21. Bc4 Bg4 22. Qe4 Nc6 23. Bxa6 Bf5 24. Qd5 Qf6 25. Bb5 Kf8 26. Bxc6 bxc6 27.
Qc5+ Qe7 28. Rxe5 Qxc5 29. Rxc5 29... Be4 {Hossa resigns} 1-0

[Event "ICS rated blitz match"]
[Site "204.178.125.65"]
[Date "1999.08.15"]
[Round "?"]
[White "Hossa"]
[Black "corruptor"]
[Result "0-1"]
[WhiteElo "2432"]
[BlackElo "2669"]
[PlyCount "81"]
[EventDate "1999.??.??"]

1. d4 d5 2. c4 dxc4 3. e4 Nf6 4. e5 Nd5 5. Bxc4 Nb6 6. Bb3 Nc6 7. Ne2 Bf5 8.
Nbc3 e6 9. a3 Be7 10. Ba2 O-O 11. O-O Qd7 12. Be3 Rfd8 13. f4 Na5 14. a4 Nac4
15. Bc1 c5 16. Bxc4 Nxc4 17. dxc5 Bxc5+ 18. Kh1 Qxd1 19. Rxd1 Rxd1+ 20. Nxd1
Rd8 21. Ndc3 Na5 22. b4 Bxb4 23. Ba3 Nb3 24. Ra2 a5 25. Rb2 Bxa3 26. Rxb3 Bb4
27. h3 Rd2 28. Kg1 Bd3 29. Ng3 Bc2 30. Nf1 Rd3 31. Rxb4 axb4 32. Ne4 Rd1 33.
Nd6 b3 34. Nc4 Bd3 35. Nb2 Rxf1+ 36. Kh2 Be2 37. a5 Bb5 38. a6 bxa6 39. f5 Rb1
40. fxe6 Rxb2 41. exf7+ {Hossa resigns} 0-1

[Event "ICS rated blitz match"]
[Site "204.178.125.65"]
[Date "1999.08.15"]
[Round "?"]
[White "corruptor"]
[Black "Hossa"]
[Result "1-0"]
[WhiteElo "2676"]
[BlackElo "2425"]
[PlyCount "70"]
[EventDate "1999.??.??"]

1. e4 e5 2. Nf3 a6 3. Bc4 Nc6 4. O-O f5 5. d4 exd4 6. Ng5 Nh6 7. Nxh7 Ng4 8.
Nxf8 Rxf8 9. exf5 Qh4 10. Bf4 Nge5 11. Bg3 Qh6 12. Re1 Rxf5 13. Bd3 Rg5 14. f4
Rxg3 15. hxg3 d6 16. Be4 Ne7 17. fxe5 dxe5 18. Qf3 c6 19. Bd3 c5 20. Be4 Rb8
21. Bd3 Qg5 22. Na3 b5 23. Qe4 c4 24. Bf1 Ng6 25. Qxd4 Rb7 26. Qc5 Bd7 27. Qd6
Qxg3 28. Rad1 Qg4 29. Be2 Qf5 30. Bf3 Rb6 31. Qxb6 Nh4 32. Qb8+ Kf7 33. Bd5+
Be6 34. Rxe5 Nf3+ 35. gxf3 35... Qg6+ {Hossa resigns} 1-0

[Event "ICS rated blitz match"]
[Site "204.178.125.65"]
[Date "1999.08.15"]
[Round "?"]
[White "Hossa"]
[Black "corruptor"]
[Result "0-1"]
[WhiteElo "2419"]
[BlackElo "2682"]
[PlyCount "140"]
[EventDate "1999.??.??"]

1. d4 d5 2. c4 dxc4 3. e4 e5 4. Nf3 Bb4+ 5. Bd2 Bxd2+ 6. Nbxd2 exd4 7. Bxc4 Nc6
8. O-O Nf6 9. e5 Nd5 10. Qb3 Nce7 11. Nxd4 O-O 12. Ne4 c6 13. Rad1 Qb6 14. Qxb6
Nxb6 15. Bb3 Ng6 16. f4 Bg4 17. Rd2 Rad8 18. Nc5 Bc8 19. g3 Rfe8 20. h4 Nd5 21.
Re1 a5 22. a4 Nge7 23. Rc1 Ne3 24. Ne4 N7f5 25. Nxf5 Nxf5 26. Rcd1 Rxd2 27.
Rxd2 h6 28. Kg2 Kf8 29. Kf2 b5 30. Nd6 Nxd6 31. Rxd6 Be6 32. Bxe6 Rxe6 33. axb5
cxb5 34. Rd8+ Ke7 35. Rb8 b4 36. Rc8 f6 37. Rc5 fxe5 38. fxe5 a4 39. Ke3 Ra6
40. Rc7+ Ke6 41. Rxg7 Kxe5 42. Rb7 a3 43. bxa3 bxa3 44. Rb5+ Ke6 45. Rb1 a2 46.
Ra1 Kf5 47. Kd4 Kg4 48. Kc4 Kxg3 49. h5 Kg4 50. Kb5 Ra8 51. Kc6 Kxh5 52. Kb7
Ra4 53. Kc6 Kg4 54. Kb5 Ra8 55. Kc4 h5 56. Kc3 h4 57. Kb2 h3 58. Rg1+ Kf3 59.
Ka1 h2 60. Rc1 Rg8 61. Kxa2 Rg2+ 62. Kb3 Rg1 63. Rc3+ Ke4 64. Rc4+ Kd5 65. Rc8
Rb1+ 66. Ka2 h1=Q 67. Rd8+ Kc4 68. Rc8+ Kd4 69. Rh8 Ra1+ 70. Kb2 70... Qb1# {
Hossa checkmated} 0-1

[Event "ICS rated blitz match"]
[Site "204.178.125.65"]
[Date "1999.08.15"]
[Round "?"]
[White "corruptor"]
[Black "Hossa"]
[Result "1/2-1/2"]
[WhiteElo "2688"]
[BlackElo "2413"]
[PlyCount "198"]
[EventDate "1999.??.??"]

1. d4 d5 2. c4 c6 3. Nf3 Nf6 4. Nc3 dxc4 5. a4 Bf5 6. e3 e6 7. Bxc4 Bb4 8. O-O
Nbd7 9. Qe2 Bg6 10. e4 Bxc3 11. bxc3 Nxe4 12. Ba3 Nxc3 13. Qb2 Nxa4 14. Qxb7
Nab6 15. Be2 Qc8 16. Ba6 Be4 17. Ne5 Qxb7 18. Bxb7 Rb8 19. Bxc6 Bxc6 20. Nxc6
Ra8 21. Bb4 Nd5 22. Bd6 a6 23. Rfc1 N7b6 24. Ra5 Nc8 25. Bc5 h5 26. Rca1 Nc7
27. Nb4 Kd7 28. R1a3 Rd8 29. Rg3 g6 30. Rf3 Ke8 31. Nc6 Rd5 32. Rb3 f6 33. h3
Kd7 34. Nb4 Rf5 35. Nc2 Rg5 36. Ne3 h4 37. Ng4 Rf5 38. Nh6 Rf4 39. Nf7 g5 40.
Rb7 Re4 41. Kf1 g4 42. hxg4 Rxg4 43. Nh6 Rg6 44. Nf7 Rg7 45. Nh6 Nd6 46. Bxd6
Kxd6 47. Rh5 Rd7 48. Rb6+ Ke7 49. Rxh4 Nd5 50. Rc6 Rd6 51. Rc2 Kd7 52. Nf7 Rb6
53. Rh7 Ne7 54. Ke2 a5 55. Nh6 Kd6 56. Ng4 Nc6 57. Rc4 Rb2+ 58. Kf3 Rb3+ 59.
Kf4 Rf8 60. Rh6 Rb4 61. Rxb4 Nxb4 62. Ne3 a4 63. Kf3 Nd5 64. Nc4+ Kc6 65. g4
Kb5 66. Nd6+ Kb4 67. Rh1 a3 68. Rb1+ Ka4 69. Nb7 e5 70. Nc5+ Ka5 71. dxe5 fxe5+
72. Kg3 a2 73. Ra1 Nc3 74. f3 Rb8 75. Ne4 Rb1 76. Nd2 Rxa1 77. Nb3+ Kb4 78.
Nxa1 Ka3 79. g5 Ne2+ 80. Kg4 Kb2 81. g6 Kxa1 82. g7 Kb2 83. g8=Q a1=Q 84. Qc4
Nd4 85. Qb4+ Kc2 86. Qc5+ Qc3 87. Qxe5 Qxf3+ 88. Kg5 Kd3 89. Kh4 Kc4 90. Qc7+
Nc6 91. Qd7 Ne5 92. Qc7+ Kd5 93. Qd8+ Kc5 94. Qe7+ Kd4 95. Qd8+ Kc3 96. Qa5+
Kd4 97. Qd8+ Kc3 98. Qa5+ Kd4 99. Qd8+ 99... Qd5 {Game drawn by repetition}
1/2-1/2